[Event "AUTO-OPEN-613"]
[Site "http://www.queenalice.com/game.php?id=193123"]
[Date "2007.4.6"]
[Round "1"]
[White "Rusty"]
[Black "cachoeira"]
[Result "1-0"]
[WhiteElo "2031"]
[BlackElo "1391"]

1. d4 d5 2. c4 dxc4 3. Nf3 e6 4. e3 Nc6 5. Bxc4 g6 6. Nc3 Bh6 7. O-O Nf6 8. e4
g5 9. d5 exd5 10. exd5 g4 11. Bxh6 gxf3 12. dxc6 bxc6 13. Re1+ Be6 14. Qxf3 Rg8
15. Bxe6 Qd2 16. Qxc6+ Kd8 17. Bxd2 Re8 18. Qxa8+ Ke7 19. Bf5+ Kf8 20. Bh6+ Kg8
21. Rxe8+ Nxe8 22. Qxe8# 1-0

[Event "AUTO-INT-408"]
[Site "http://www.queenalice.com/game.php?id=193631"]
[Date "2007.4.8"]
[Round "1"]
[White "cachoeira"]
[Black "Francisco_Ferraz"]
[Result "0-1"]
[WhiteElo "1425"]
[BlackElo "1588"]

1. e4 c5 2. b3 d6 3. Nf3 e5 4. Bc4 h6 5. Nc3 a6 6. Nd5 Be6 7. d4 cxd4 8. b4 b5
9. Bb3 Nf6 10. Ba3 Nbd7 11. c4 Nb6 12. Rc1 Rc8 13. c5 Nbxd5 14. exd5 Nxd5 15. c6
Nc3 16. Qd2 Bxb3 17. axb3 Be7 18. g4 Rxc6 19. g5 Bxg5 20. Qd3 Bxc1 21. Bxc1 Na2
22. Bd2 O-O 23. Qb1 Nc3 24. Qc2 Qc7 25. Rg1 g5 26. Nxg5 Qe7 27. Nh7+ Kh8 28.
Bxh6 f5 29. Rg7 Rf7 30. Qd2 Rxg7 31. Bxg7+ Qxg7 32. f4 Qg1# 0-1

[Event "AUTO-INT-408"]
[Site "http://www.queenalice.com/game.php?id=193632"]
[Date "2007.4.8"]
[Round "1"]
[White "Francisco_Ferraz"]
[Black "cachoeira"]
[Result "1-0"]
[WhiteElo "1546"]
[BlackElo "1517"]

1. d4 d5 2. c4 dxc4 3. Nf3 Nc6 4. e3 Nf6 5. Bxc4 e6 6. O-O e5 7. a3 exd4 8. Nxd4
Bg4 9. f3 Bc8 10. b4 b5 11. Bxb5 Bf5 12. Bxc6+ Nd7 13. Bxa8 Qxa8 14. Nxf5 a5 15.
Qa4 g6 16. Ng3 Qd5 17. Nc3 Qe5 18. Rd1 c6 19. Qxc6 Qf6 20. Qxd7# 1-0

[Event "AUTO-INT-408"]
[Site "http://www.queenalice.com/game.php?id=193633"]
[Date "2007.4.8"]
[Round "1"]
[White "cachoeira"]
[Black "IMS"]
[Result "0-1"]
[WhiteElo "1410"]
[BlackElo "1817"]

1. e4 e5 2. Bb5 c6 3. Bc4 d5 4. exd5 cxd5 5. Bb5+ Bd7 6. a4 a6 7. Bd3 e4 8. Be2
f5 9. d3 Nf6 10. Nh3 Bd6 11. Ng5 O-O 12. dxe4 fxe4 13. Nc3 h6 14. Nh3 Bxh3 15.
gxh3 Kh8 16. f3 Nc6 17. fxe4 d4 18. e5 Bxe5 19. Rg1 dxc3 20. Ra3 cxb2 21. Rd3
bxc1=Q 22. Qxc1 Qa5+ 23. c3 Qxa4 24. Qe3 Bxh2 25. Rg2 Bf4 26. Qe6 Qa1+ 27. Kf2
Rae8 28. Qf5 Ne4+ 29. Kf3 Rxf5 30. Rd7 Qxc3+ 31. Kg4 Nf6+ 32. Kxf5 Qe5+ 33. Kg6
Nxd7 34. h4 Ne7+ 35. Kf7 Rf8# 0-1

[Event "AUTO-INT-408"]
[Site "http://www.queenalice.com/game.php?id=193634"]
[Date "2007.4.8"]
[Round "1"]
[White "IMS"]
[Black "cachoeira"]
[Result "1-0"]
[WhiteElo "1858"]
[BlackElo "1386"]

1. e4 b6 2. d4 Ba6 3. c4 Nc6 4. Be3 e6 5. a3 b5 6. cxb5 Qb8 7. bxa6 Qxb2 8. Nd2
Bxa3 9. Rb1 Qc3 10. Qb3 Qb4 11. d5 exd5 12. exd5 Rb8 13. dxc6 Qd6 14. Qxb8+ Ke7
15. cxd7 Kxd7 16. Bb5+ c6 17. Qxa7+ Ke6 18. Bc4+ Kf5 19. Qxf7+ Qf6 20. a7 Nh6
21. Qxf6+ Kxf6 22. Rb8 Rxb8 23. axb8=Q Ng4 24. Qd8+ Kf5 25. Qg5# 1-0

[Event "Challenge"]
[Site "http://www.queenalice.com/game.php?id=202480"]
[Date "2007.4.26"]
[Round "-"]
[White "cachoeira"]
[Black "Feick"]
[Result "0-1"]
[WhiteElo "1428"]
[BlackElo "1128"]

1. e4 Nf6 2. Bc4 Nxe4 3. Qf3 Nd6 4. d3 b5 5. Bb3 c6 6. Nc3 f6 7. Bf4 g5 8. Be3
h5 9. Ne4 g4 10. Qf4 f5 11. Nxd6+ exd6 12. Qxf5 Qe7 13. Ne2 d5 14. Nf4 Rh6 15.
Ng6 d6 16. Qg5 Qe6 17. Kf1 Rxg6 18. Qxh5 Nd7 19. Qh8 c5 20. c4 bxc4 21. Ba4 cxd3
22. Re1 Ba6 23. Bf4 d2+ 24. Re2 Qxe2+ 25. Kg1 Qe1# 0-1

[Event "Challenge"]
[Site "http://www.queenalice.com/game.php?id=211520"]
[Date "2007.5.15"]
[Round "-"]
[White "cachoeira"]
[Black "Guiguiu"]
[Result "0-1"]
[WhiteElo "1443"]
[BlackElo "1500"]

1. e4 e5 2. Nf3 Nc6 3. Nc3 Nf6 4. Bc4 h6 5. Nh4 d6 6. d3 a6 7. f4 Bg4 8. Ne2 Nh5
9. h3 Qxh4+ 10. Kd2 Bxe2 11. Qxe2 Nxf4 12. Qg4 Qxg4 13. hxg4 Nxg2 14. Rh5 Nf4
15. Rf5 f6 16. Rxf4 exf4 17. Kc3 g5 18. Bd2 Bg7 19. Re1 f5+ 20. d4 Bxd4+ 21. Kd3
O-O-O 22. exf5 Bxb2 23. Be6+ Kb8 24. c3 Ne5+ 25. Kc2 Ba3 26. Kb3 Bc5 27. f6 Nxg4
28. f7 Ne5 29. c4 Rhf8 30. Kc3 Nxf7 31. Rb1 Ne5 32. Bd5 b6 33. Bc1 f3 34. Bb2 f2
35. Be4 f1=Q 36. Kb3 Qxc4# 0-1

[Event "Challenge"]
[Site "http://www.queenalice.com/game.php?id=214470"]
[Date "2007.5.21"]
[Round "-"]
[White "cachoeira"]
[Black "conan"]
[Result "0-1"]
[WhiteElo "1380"]
[BlackElo "1642"]

1. e4 e5 2. Bb5 c6 3. Ba4 Nf6 4. Nf3 Bc5 5. Nxe5 d6 6. Ng4 Nxg4 7. Qf3 O-O 8.
Bb3 a5 9. Bc4 Re8 10. Qxf7+ Kh8 11. d3 Rf8 12. Qh5 Rxf2 13. Bg5 Qf8 14. h3 Nf6
15. Qh4 d5 16. Bb3 a4 17. Bxd5 cxd5 18. e5 Ng8 19. Nc3 Rxc2 20. Rc1 Rxb2 21. Rf1
Bf5 22. Nxd5 Rxa2 23. Nc7 Nc6 24. Qc4 Rxg2 25. Bd2 Nxe5 26. Qd5 Nxd3+ 27. Kd1
Rf2 0-1

[Event "Challenge"]
[Site "http://www.queenalice.com/game.php?id=215378"]
[Date "2007.5.23"]
[Round "-"]
[White "Aleqza"]
[Black "cachoeira"]
[Result "1-0"]
[WhiteElo "1459"]
[BlackElo "1441"]

1. e4 e5 2. Bc4 Bc5 3. Qf3 Qf6 4. Qxf6 Nxf6 5. d3 Ng4 6. Nh3 Nc6 7. Nc3 Nd4 8.
Kd1 d6 9. Nd5 Kd8 10. f3 Ne3+ 11. Bxe3 g6 12. Bxd4 Bxd4 13. c3 Be3 14. Re1 Bh6
15. g4 f5 16. Nf2 fxg4 17. fxg4 Rf8 18. Re2 c6 19. Nb4 b5 20. Nxc6+ Kc7 21. Bd5
Rf3 22. Nd4 Rf6 23. Nxb5+ Kd8 24. Bxa8 Ba6 25. Nxa7 Rf7 26. Nc6+ Kc7 27. Nb4 Bb5
28. Bd5 Rf8 29. a4 Bd7 30. a5 Bg7 31. a6 h5 32. a7 hxg4 33. a8=Q g3 34. hxg3 g5
35. Na6+ Kb6 36. Qb7# 1-0

[Event "Challenge"]
[Site "http://www.queenalice.com/game.php?id=215946"]
[Date "2007.5.24"]
[Round "-"]
[White "cachoeira"]
[Black "maikorech"]
[Result "0-1"]
[WhiteElo "1433"]
[BlackElo "1839"]

1. e4 e5 2. Nf3 f6 3. Bb5 c6 4. Ba4 Na6 5. Nh4 Nh6 6. Qf3 d5 7. exd5 Be7 8. Nc3
O-O 9. Bb3 f5 10. dxc6+ Kh8 11. cxb7 Rb8 12. Bd5 e4 13. Qe3 Bxh4 14. Qxa7 Bxb7
15. Bxb7 Nb4 16. Kd1 Rf7 17. Qa4 Rbxb7 18. Nb5 Qd7 19. Qa8+ Bd8 20. d3 Rxb5 21.
Bf4 Nxc2 0-1

[Event "Challenge"]
[Site "http://www.queenalice.com/game.php?id=216026"]
[Date "2007.5.25"]
[Round "-"]
[White "cachoeira"]
[Black "lucianoso"]
[Result "0-1"]
[WhiteElo "1389"]
[BlackElo "1552"]

1. e4 e5 2. Nf3 Nc6 3. b3 Nf6 4. Bc4 d5 5. Be2 Bc5 6. Ba3 dxe4 7. Ng5 Bd4 8. Bc4
Ng4 9. Nxf7 Qf6 10. Qe2 Nxf2 11. Rf1 Bxa1 12. Rxf2 Nd4 13. Qxe4 Bf5 14. Qxb7
Nxc2+ 15. Kd1 Nxa3 16. Nxa3 Ke7 17. Qxc7+ Kf8 18. Qb7 g6 0-1

[Event "Challenge"]
[Site "http://www.queenalice.com/game.php?id=218090"]
[Date "2007.5.29"]
[Round "-"]
[White "cachoeira"]
[Black "ramones"]
[Result "0-1"]
[WhiteElo "1433"]
[BlackElo "1145"]

1. e4 Nh6 2. Bc4 b6 3. Qf3 Ba6 4. b3 b5 5. Bd3 g5 6. c4 b4 7. Nh3 Qc8 8. Bf1 Bg7
9. d4 Nc6 10. d5 Nd4 11. Qd3 Ng4 12. Bxg5 c6 13. Qg3 Nc2+ 14. Kd1 Nxa1 15. Qxg4
Qc7 0-1

[Event "Challenge"]
[Site "http://www.queenalice.com/game.php?id=218094"]
[Date "2007.5.29"]
[Round "-"]
[White "cachoeira"]
[Black "JUKIE78"]
[Result "0-1"]
[WhiteElo "1410"]
[BlackElo "1625"]

1. e4 c5 2. Nf3 Nc6 3. Bc4 Qa5 4. Ng5 Qb4 5. Qe2 Nd4 6. Qd3 Qb6 7. c3 Qg6 8.
Nxf7 Qxg2 9. Qf1 Qxe4+ 10. Be2 Nxe2 11. Qxe2 Qxh1+ 12. Qf1 Qxf1+ 13. Kxf1 Kxf7
0-1

[Event "Challenge"]
[Site "http://www.queenalice.com/game.php?id=218095"]
[Date "2007.5.29"]
[Round "-"]
[White "cachoeira"]
[Black "Aleqza"]
[Result "0-1"]
[WhiteElo "1403"]
[BlackElo "1441"]

1. e4 e5 2. g3 Bc5 3. Nf3 Qe7 4. Nc3 Bb6 5. d3 Qc5 6. Qe2 Nf6 7. Be3 Qa5 8. Ng5
h6 9. Nf3 d6 10. g4 Bxe3 11. Qxe3 Bxg4 0-1